01564nam a22002537a 4500003000900000008004100009040007100050082002400121110004900145245009500194260004600289300002900335440006000364505066600424650002801090650002501118650002301143650002601166650002101192700002001213700002501233700002001258700003201278AR-CdUCM190425b ||||| |||| 00| 0 spa d aMUNICIPALIDAD PROVINCIAL DEL CUSCOcBIBLIOTECA MUNICIPAL DEL CUSCO aHist.Ecle/N°5/1996 aInstituto Peruano de Historia Eclesiástica aRevista peruana de Historia Eclesiástica /cInstituto Peruano de Historia Eclesiástica aLima.bServicio copias Gráficas,c1996. a279 páginas. :c22 cm. aRevista peruana de Historia Eclesiástica.nN°5,1996. aContenido: Diócesis peruanas en el siglo XIX. José Dammert. -- La Orden dominicana en el Perú en el siglo XIX. Guillermo Álvarez. -- Los franciscanos del Perú a partir del siglo XIX. Julián Heras. -- Los mercedarios del Perú en el siglo XIX. Severo Aparicio. -- Los jesuitas del Perú en el siglo XIX. Armando Nieto. -- Los agustinos en el Perú del siglo XIX. Benigno Uyarra. -- Gamarra y los eclesiásticos del Cuzco. Horacio Villanueva. -- El establecimiento de nuevos institutos religiosos en el Perú en el siglo XIX. Jeffrey Klaiber. -- Homenaje al Deán Valdivia, experiencia religiosa del Deán Valdivia. José Benito Rodríguez.  aHistoria eclesiástica aEducación colonial aHistoria del Cusco aReligión católica aEvangelización aDammert, José aÁlvarez, Guillermo aHeras, Julián aVillanueva Urteaga, Horacio